000 00467cam a2200193 4500
001 D8930
008 090401t1977 xxu||||| |||| 00| 0 eng d
035 _a(Sirsi) u16229
041 _aeng
050 _a692.5
110 _aDavisBelfield & Everest
_93172
245 _aSpon`s architects` and builders` price book 1978
250 _a103rd
260 _aLondon
_bSpon
_c1977
300 _axviii. 530p. 24cm
350 _a6.75
942 _n0
948 _c04/03/1997
999 _c87402
_d87402